000 01080cam a22002174a 4500
005 20250605164205.0
008 250528s ||||||||||||||||||||||||d
035 _a19913
020 _a9602090537
040 _aGR-AtMCL
_bgre
_dGR-AtMCL
_eAACR2
245 1 _aΗ Γλώσσα του Προγραμματισμού C
250 _a2nd
260 _bΚλειδάριθμος,
_c2005
300 _a376
520 _aΠροπαρασκευαστική Εισαγωγή, Τύποι και Τελεστές και Παραστάσεις, Η Ροή του Ελέγχου, Συναρτήσεις και Δομή του Προγράμματος, Δείκτες και Πίνακες, Δομές, Είσοδος και Έξοδος, Η Διασύνδεση Συστήματος του UNIX, Εγχειρίδιο Αναφοράς, Η Πρότυπη Βιβλιοθήκη, Συνόψιση των Αλλαγών, Γλωσσάρι, Ευρετήριο.
700 1 _aKernighan Brian W
_91570
700 1 _aRitchie Dennis M
_91571
942 _cBK
999 _c5155
_d5155